000 01522cam a2200421 a 4500
999 _c22842
_d22842
001 vtls011562980
005 20200129125416.0
008 171215s2016 xo a j 000 0dslo
020 _a9788055623900 (viaz.)
035 _aFE974664-11F0-400B-BC2D-252B64B19ED2
035 _aurn:nbn:sk:snk-amtheh
035 _aurn:nbn:sk:snk-am00bjrm
040 _aSVKPO
_bslo
_cSVKPO
_dSVKBB
_dSNK
_eAACR2
041 1 _aslo
_hger
044 _axo
_cSK
072 7 _a94(100)
_xSvetové dejiny
_2konspekt
072 7 _a0/9-053.2
_xLiteratúra pre deti a mládež (náučná)
_2konspekt
080 _a94(100)
_22011
080 _a(0.062)
_22011
080 _a82-93-053.6
_22011
100 1 _aGombrich, Ernst Hans,
_d1909-2001
_91590
240 1 5 _aEine kurze Weltgeschichte für junge Leser
_lSlovensky
245 1 0 _aStručné dejiny sveta pre mladých čitateľov
_cErnst H. Gombrich ; [z nemeckého originálu preložil Vladimír Varsik]
250 _a1. slov. vyd.
260 _aBratislava
_bSlovart
_c2016
300 _a317 s.
_bilustr.
_c22 cm
500 _aBiogr. údaje
650 0 7 _asvetové dejiny
_2SNKPH
_91591
650 0 7 _aWorld history
_2SNKPHeng
_91592
655 7 _apopulárno-náučné publikácie
_2SNKPH
_91486
655 7 _apublikácie pre mládež
_2SNKPH
_91593
655 7 _aPopular works
_2SNKPHeng
_91487
655 7 _aJuvenile literature
_2SNKPHeng
_91594
700 1 _aVarsik, Vladimír,
_d1964-
_4trl
_91595
958 _aDB
958 _aOP